00508cam a2200193 4500020001500000041000800015082001500023100000900038245002800047250001300075260005300088300001800141500006700159650001500226700001900241700003000260942000700290999001700297 a08426029411 aeng00a294.5bBUR0 aManu14aThe ordinances of Manu. a[2d ed.] aNew Delhi,bOriental Books Reprint Corp.c[1971] axlvii, 399 p. aOn mounted label: Distributed by Lawrence Verry, Mystic, Conn. 0aHindu Law.1 aBurnell, A. C.1 aHopkins, Edward Washburn, cBK c22663d22663